000 01030nam a22002777a 4500
005 20250829084946.0
008 250829b ||||| |||| 00| 0 eng d
020 _a9781138036321 (hbk)
020 _a9781138036338 (pbk)
020 _a9781315178615 (ebk)
040 _aCO-BoUCM
_cDavid Moreno
_dDavid Moreno
041 _aeng
100 1 _aDeckers, Lambert.
_9186720
245 1 0 _aMotivation
_bbiological, psychological, and environmental
_cLambert Deckers
250 _a5a.Ed
260 _aNew York, NY
_bAllyn and Bacon
_c2018
300 _axv, 464 Paginas
504 _aIncluye referencias bibliográficas e índices
650 1 4 _aMotivación (Psicología)
_vLibros de texto
_9186721
650 1 4 _aProcesos psicológicos
_xConducta
_9186722
650 1 4 _aNeurociencia
_xFactores biológicos
_9186723
650 1 4 _aFactores ambientales
_xComportamiento humano
_9186724
653 _aPsicología cognitiva y experimental
942 _2DEWEY
_a26
_cLIBRO
_e5
_h153.8
_mD295m
_n0
999 _c325722
_d325722